| 000 | 00523nam a2200193Ia 4500 | ||
|---|---|---|---|
| 001 | 8898 | ||
| 003 | GE_BSU | ||
| 008 | 181216s||||||||xx |||||||||||||| ||und|| | ||
| 040 | _cGE_BSU | ||
| 245 | _aВопросы языкознания, №6.2013. | ||
| 245 | _bНоябрь-декабрь | ||
| 245 | _cГл.ред.Т.М.Николаева и др. | ||
| 260 | _aМосква | ||
| 260 | _bНаука | ||
| 260 | _c2013 | ||
| 300 | _a160стр.26см. | ||
| 653 | _aВопросы языкознания | ||
| 942 | _cCR | ||
| 999 |
_c42205 _d42205 |
||